书目信息 |
| 题名: |
实用商贸俄语
|
|
| 作者: | 李维颐 编 | |
| 分册: | ||
| 出版信息: | 天津 天津大学出版社 2005.01 |
|
| 页数: | 483页 | |
| 开本: | 19cm | |
| 丛书名: | ||
| 单 册: | ||
| 中图分类: | H35 | |
| 科图分类: | ||
| 主题词: | 俄语 | |
| 电子资源: | ||
| ISBN: | 7-5618-2088-7 | |
| 000 | 00571nam0 2200205 450 | |
| 001 | 0776234406 | |
| 005 | 20071221211057.15 | |
| 010 | @a7-5618-2088-7@dCNY22.00 | |
| 100 | @a20071221d2005 km y0chiy0120 ea | |
| 101 | 0 | @achi |
| 102 | @aCN@b120000 | |
| 200 | 1 | @a实用商贸俄语@Ashi yong shang mao e yu@f李维颐编@Fli wei yi bian |
| 210 | @a天津@c天津大学出版社@d2005.01 | |
| 215 | @a483页@d19cm | |
| 606 | 0 | @a俄语 |
| 690 | @aH35@v4 | |
| 701 | 0 | @a李维颐@Ali wei yi@4编 |
| 801 | 0 | @aCN@b大连网信软件有限公司图书馆@c20071221 |
| 905 | @aBZT@dH35@e1 | |
| 906 | @dCNY22.00@n0@r1 | |
| 实用商贸俄语/李维颐编.-天津:天津大学出版社,2005.01 |
| 483页;19cm |
| ISBN 7-5618-2088-7:CNY22.00 |
| ● |
| 相关链接 |
|
|
|
正题名:实用商贸俄语
索取号:H35/1
 
预约/预借
| 序号 | 登录号 | 条形码 | 馆藏地/架位号 | 状态 | 备注 |
| 1 | 631135 | 2000631135 | 中心书库中库/ 中库034架A面8列5层7/ [索取号:H35/1] | 在馆 | |
| 2 | 631136 | 2000631136 | 中心书库中库/ 中库034架A面8列5层5/ [索取号:H35/1] | 在馆 | |
| 3 | 631137 | 2000631137 | 中心书库中库/ 中库034架A面8列5层37/ [索取号:H35/1] | 在馆 | |
| 4 | 631138 | 2000631138 | 中心书库中库/ 中库034架A面8列5层36/ [索取号:H35/1] | 在馆 | |
| 5 | 631139 | 2000631139 | 中心书库中库/ 中库034架A面8列5层8/ [索取号:H35/1] | 在馆 | |
| 6 | 631140 | 2000631140 | 中心书库中库/ 中库034架A面8列5层2/ [索取号:H35/1] | 在馆 | |
| 7 | 631141 | 2000631141 | 中心书库中库/ 中库034架A面8列5层3/ [索取号:H35/1] | 在馆 | |
| 8 | 631142 | 2000631142 | 中心书库中库/ 中库034架A面8列5层6/ [索取号:H35/1] | 在馆 | |
| 9 | 631143 | 2000631143 | 中心书库中库/ 中库034架A面8列5层4/ [索取号:H35/1] | 在馆 | |
| 10 | 631144 | 2000631144 | 中心书库中库/ 中库034架A面8列5层1/ [索取号:H35/1] | 在馆 |